000 006330000a22001810004500
001 768714001
003 CO-MdFUSB
005 20170420164108.0
008 170420s2002 cr ||||| |||| 00| 0 spa d
040 _aCO-MdFUSB
_bspa
_cCO-MdFUSB
_dCO-MdFUSB
041 _aspa
100 1 _aSomoza, Ana R.
_eautor
245 1 0 _aObstáculos a la trasmisión del evangelio :
_bayudemos a removerlos
300 _aVolumen 4, número 14, (2002), Páginas 14-15
_c27 cm.
650 1 4 _aTRABAJO SOCIAL CON NIÑOS
773 0 _tAlcanzando a los Niños en Riesgo
_049458
_960582
_gVolumen 4, número 14, (2002), Páginas 14-15
_qPáginas 14
942 _cANA
999 _c49609
_d49609